000 00733nam a22002177a 4500
999 _c187019
_d187019
005 20220607103746.0
010 _aENG-132130
020 _a978938280831411
_c235.00
035 _aEN-115662
037 _bDBAD/PUB
082 _a005.4
100 _aMouli, D. Chandra.
245 _aInformation Technology /
_cD. Chandra Mouli...[et.al].
260 _aHyderabad
_bSevenHills International Publishers
_c2021
270 _a#326/C,III Floor, Surneni Nilayam Near B K Guda Park, S R Nayar
_bHyderabad
_e500038
_k91-4023710657
_mstudentshelpline.in@gmail.com
300 _axvi,328p.
_c23cm(pbk)
700 _aVenkateswarlu, T.
700 _aKhan, P. Haneef
700 _aRamesh, M
942 _2ddc
_cEN
_mINF
_h005.4